000 00301nam a22001337a 4500
008 170720b xxu||||| |||| 00| 0 eng d
020 _a1887752471
041 _aeng
080 _a2
100 _a24
101 _aTEO
245 _aUNDERSTANDING ISLAM AND THE MUSLIMS
_cWINTER, T.J
942 _2udc
_cBK
999 _c21650
_d21650